Looking Down / (Record no. 529846)

000 -LEADER
fixed length control field 00347nam a22001457a 4500
003 - CONTROL NUMBER IDENTIFIER
control field NUST
020 ## - INTERNATIONAL STANDARD BOOK NUMBER
International Standard Book Number 9780751533408
Qualifying information P/B.
038 ## - RECORD CONTENT LICENSOR
Staff Name waseem
082 ## - DEWEY DECIMAL CLASSIFICATION NUMBER
Classification number 823.914
Author Mark FYF
100 ## - MAIN ENTRY--PERSONAL NAME
Personal name Fyfield, Frances
9 (RLIN) 22772
245 ## - TITLE STATEMENT
Title Looking Down /
Statement of responsibility, etc. Frances Fyfield
260 ## - PUBLICATION, DISTRIBUTION, ETC.
Place of publication, distribution, etc. U.K :
Name of publisher, distributor, etc. Time Warner Book,
Date of publication, distribution, etc. 2004.
300 ## - PHYSICAL DESCRIPTION
Extent 306 p. ;
942 ## - ADDED ENTRY ELEMENTS (KOHA)
Source of classification or shelving scheme
Koha item type Book
Holdings
Withdrawn status Lost status Source of classification or shelving scheme Damaged status Not for loan Permanent Location Current Location Shelving location Date acquired Source of acquisition Total Checkouts Full call number Barcode Date last seen Price effective from Koha item type
          Central Library (CL) Central Library (CL) Fiction 10/03/2019 Donation   823.914 FYF CL-D-570 10/03/2019 10/03/2019 Book
© 2023 Central Library, National University of Sciences and Technology. All Rights Reserved.